Histoire de France par lettre - Q - Statistiques

Statistiques générales
  • Ce quiz a été pris 17 294 fois
    14 002 depuis la dernière actualisation
  • Le résultat moyen est 11 sur 20
Statistiques - réponses
Indices Réponses % Correct
Tarte salée dont la première mention remonte à 1586, en Lorraine Quiche
96%
Héros bossu de Hugo vivant entre les murs de Notre-Dame Quasimodo
93%
Branche de la physique initiée dans les années 1920 par Louis de Broglie notamment Mécanique {quantique}
85%
Celle du Graal inspira notamment Chrétien de Troyes Quête
75%
Disposition des touches d'un clavier vers laquelle l'AFNOR envisagea le passage pour la France en 1976 avant de se raviser QWERTY
72%
Si saint, évangélisateur mort dans l'Aisne en 287 ; si de Montargis, personnage de Veber Quentin
64%
Forme d'isolement imposée aux lépreux puis aux pestiférés notamment Quarantaine
63%
Capitale historique du pays de Cornouaille Quimper
63%
Sixième plus gros succès de l'histoire du box-office français mené par Christian Clavier et Chantal Lauby Qu'est-ce qu'on a fait au Bon Dieu ?
59%
Elle fut fondée par Samuel de Champlain en 1608 en Nouvelle-France Québec
53%
Nombre de coups dans le titre d'un célèbre film de François Truffaut de 1959 Quatre cents
52%
On l'associe au Ministère des affaires étrangères qu'il accueille depuis 1856 Quai d'Orsay
46%
Prise de la Bastille en 1789, Fête de la Fédération en 1790 Quatorze Juillet
45%
Dynastie chinoise à laquelle s'opposa la France aux côtés du Royaume-Uni pendant les guerres de l'opium Qing
42%
Presqu'île bretonne qui vit débarquer des milliers de royalistes arrivés d'Angleterre alliés aux Chouans mais défaits par les républicains en 1795 Quiberon
41%
Unité de masse obsolète définie par un arrêté du 13 brumaire de l'an IX Quintal
40%
Celle des Anciens et des Modernes agita le monde littéraire à la fin du XVIIe siècle Querelle
36%
Locution latine signifiant "Où vas-tu ?" donnant son nom à une entreprise de papeterie fondée en 1954 Quo vadis ?
36%
Ancienne province du Sud de la France centrée sur la ville de Cahors Quercy
20%
Poète et homme politique anticlérical candidat malheureux aux élections législatives de 1870 donnant son nom à une station de la ligne 6 du métro parisien Edgar Quinet
14%
Aucun quiz correspondant
Distribution des résultats
% des personnes avec chaque résultat
Percentile par nombre de réponses
Votre historique - résultats
Vous n’avez pas pris ce quiz depuis la dernière actualisation